[Event "USA-ch GpA"]
[Site "San Diego"]
[Date "2006.03.11"]
[Round "9"]
[White "Vicary, Elizabeth"]
[Black "Cottrell, Kelly"]
[Result "1-0"]
[WhiteElo "2107"]
[BlackElo "1887"]
[PlyCount "109"]
[EventDate "2006.03.02"]
[EventType "swiss"]
[EventRounds "9"]
[EventCountry "USA"]
[SourceTitle "CBM 112"]
[Source "ChessBase"]
[SourceDate "2006.06.07"]
[SourceVersion "1"]
[SourceVersionDate "2006.06.07"]
[SourceQuality "1"]

1. e4 Nf6 2. e5 Nd5 3. c4 Nb6 4. d4 d6 5. exd6 cxd6 6. Nc3 Nc6 7. Be3 g6 8. d5 Nb8 9. Bd4 f6 10. a4 Bg7 11. Bd3 0-0 12. Nge2 e5 13. dxe6 Bxe6 14. b3 Nc6 15. Be3 Nd7 16. Nf4 Bf7 17. 0-0 Nc5 18. Be2 f5 19. Rc1 Nb4 20. Ncd5 Nxd5 21. Nxd5 Ne4 22. Bd4 Bh6 23. Ba1 Bg7 24. Bxg7 Kxg7 25. Qd4+ Kh6 26. Rcd1 Bxd5 27. Qxd5 Qb6 28. Rd3 Rad8 29. a5 Qc7 30. Qd4 Nf6 31. b4 b6 32. Ra1 bxa5 33. Rxa5 Rde8 34. Re3 Rf7 35. Rxe8 Nxe8 36. Ra3 Nf6 37. Rd3 Kg7 38. g4 fxg4 39. Bxg4 Re7 40. Bf3 Rd7 41. Bd5 Re7 42. Rf3 Re1+ 43. Kg2 Qe7 44. Ra3 Re5 45. Rxa7 Nd7 46. f4 Qh4 47. Rxd7+ Kh6 48. Bf3 Re7 49. Rxe7 Qxe7 50. b5 Qc7 51. b6 Qb8 52. b7 Qc7 53. f5 Qd8 54. f6 Qb8 55. Qh4# 1-0

[Event "USA-ch GpA"]
[Site "San Diego"]
[Date "2006.03.03"]
[Round "2"]
[White "Goletiani, Rusudan"]
[Black "Cottrell, Kelly"]
[Result "1-0"]
[WhiteElo "2378"]
[BlackElo "1887"]
[PlyCount "105"]
[EventDate "2006.03.02"]
[EventType "swiss"]
[EventRounds "9"]
[EventCountry "USA"]
[SourceTitle "CBM 112"]
[Source "ChessBase"]
[SourceDate "2006.06.07"]
[SourceVersion "1"]
[SourceVersionDate "2006.06.07"]
[SourceQuality "1"]

1. Nf3 d5 2. g3 Nf6 3. Bg2 g6 4. c4 c6 5. b3 Bg7 6. Bb2 0-0 7. 0-0 Bg4 8. d3 Qc8 9. Re1 Bh3 10. Bh1 h6 11. Nbd2 Nbd7 12. Rc1 Qd8 13. Qc2 Re8 14. cxd5 cxd5 15. Qc7 Rb8 16. Bd4 b6 17. Ba1 Ra8 18. Nd4 Nc5 19. Qxd8 Rexd8 20. b4 Ncd7 21. Nc6 Re8 22. e4 Be6 23. Bxf6 exf6 24. exd5 Bh3 25. d6 Kh7 26. d4 Rac8 27. Re7 Rxe7 28. dxe7 f5 29. Nc4 Nf6 30. Nd6 Rh8 31. Re1 Ne8 32. Nxf7 Rg8 33. f4 g5 34. fxg5 hxg5 35. Nxg5+ Kg6 36. Nxh3 Bh6 37. d5 Kf7 38. d6 Nxd6 39. Bd5+ Kg7 40. Bxg8 Kxg8 41. e8Q+ Nxe8 42. Rxe8+ Kf7 43. Ra8 Ke6 44. Nf4+ Kd6 45. b5 a5 46. bxa6 Bg7 47. Rd8+ Kxc6 48. a7 Kb5 49. a8Q Bc3 50. Qd5+ Ka4 51. Ra8+ Ba5 52. Rxa5+ bxa5 53. Qb3# 1-0

[Event "USA-ch GpA"]
[Site "San Diego"]
[Date "2006.03.02"]
[Round "1"]
[White "Cottrell, Kelly"]
[Black "Schneider, Dmitry"]
[Result "0-1"]
[WhiteElo "1887"]
[BlackElo "2486"]
[PlyCount "74"]
[EventDate "2006.03.02"]
[EventType "swiss"]
[EventRounds "9"]
[EventCountry "USA"]
[SourceTitle "CBM 112"]
[Source "ChessBase"]
[SourceDate "2006.06.07"]
[SourceVersion "1"]
[SourceVersionDate "2006.06.07"]
[SourceQuality "1"]

1. d4 Nf6 2. c4 c5 3. d5 b5 4. Nd2 Qa5 5. Qb3 bxc4 6. Qxc4 Ba6 7. Qb3 c4 8. Qf3 Nxd5 9. e4 Nb4 10. Qd1 N8c6 11. Ngf3 Rb8 12. a3 c3 13. Nb3 cxb2 14. Nxa5 bxa1Q 15. Nb3 Qc3+ 16. Qd2 Nc2+ 17. Kd1 Qxb3 18. Qxc2 Qxc2+ 19. Kxc2 Bxf1 20. Rxf1 e5 21. Bb2 f6 22. Nd2 Bc5 23. f4 exf4 24. Rxf4 Be3 25. Rg4 Bxd2 26. Rxg7 Be3 27. Bxf6 Bd4 28. Bxd4 Nxd4+ 29. Kd3 Ne6 30. Rg4 Ke7 31. Kc4 Rhc8+ 32. Kd3 Rb3+ 33. Kd2 Rf8 34. Kc2 Nd4+ 35. Kd2 Rf2+ 36. Ke1 Re2+ 37. Kd1 Rb1# 0-1

[Event "Michigan Action"]
[Site "Flint"]
[Date "2002.12.07"]
[Round "1"]
[White "Calton, Bill J"]
[Black "Cottrell, Kelly"]
[Result "1-0"]
[WhiteElo "2223"]
[BlackElo "1384"]
[PlyCount "59"]
[EventDate "2002.12.07"]
[EventType "swiss (rapid)"]
[EventRounds "6"]
[EventCountry "USA"]
[SourceTitle "EXT 2009"]
[Source "ChessBase"]
[SourceDate "2008.11.26"]
[SourceVersion "1"]
[SourceVersionDate "2008.11.26"]
[SourceQuality "1"]

1. d4 d5 2. c4 c6 3. Nf3 Nf6 4. Nc3 dxc4 5. a4 Bf5 6. e3 Nbd7 7. Bxc4 e6 8. 0-0 Bd6 9. Qe2 Ne4 10. Nd2 Nxd2 11. Bxd2 0-0 12. e4 Bg6 13. f4 h6 14. Rae1 Nb6 15. Ba2 Bb4 16. f5 exf5 17. exf5 Bh7 18. Qg4 Bxc3 19. bxc3 Kh8 20. f6 gxf6 21. Bxh6 Rg8 22. Qh4 f5 23. Re7 Nd5 24. Bxd5 Qd6 25. Bf4 Rxg2+ 26. Bxg2 Qg6 27. Be5+ Kg8 28. Rf3 Kf8 29. Rxb7 Re8 30. Rg3 1-0

[Event "Michigan Action"]
[Site "Flint"]
[Date "2002.12.07"]
[Round "3"]
[White "Rokita, Ryan"]
[Black "Cottrell, Kelly"]
[Result "0-1"]
[WhiteElo "929"]
[BlackElo "1384"]
[PlyCount "37"]
[EventDate "2002.12.07"]
[EventType "swiss (rapid)"]
[EventRounds "6"]
[EventCountry "USA"]
[SourceTitle "EXT 2009"]
[Source "ChessBase"]
[SourceDate "2008.11.26"]
[SourceVersion "1"]
[SourceVersionDate "2008.11.26"]
[SourceQuality "1"]

1. e4 c5 2. Nf3 d6 3. d4 cxd4 4. Nxd4 Nf6 5. Bd3 e6 6. 0-0 Be7 7. Nc3 a6 8. Be3 0-0 9. Qf3 Qc7 10. Rac1 b5 11. a3 Bb7 12. Nb3 Nbd7 13. Bd4 Rac8 14. Qg3 Ba8 15. Rfe1 Nb6 16. f4 Nc4 17. e5 dxe5 18. fxe5 Nd5 19. Qh3 0-1

[Event "Michigan Action"]
[Site "Flint"]
[Date "2002.12.07"]
[Round "6"]
[White "Sowa, Jason"]
[Black "Cottrell, Kelly"]
[Result "0-1"]
[WhiteElo "962"]
[BlackElo "1384"]
[PlyCount "46"]
[EventDate "2002.12.07"]
[EventType "swiss (rapid)"]
[EventRounds "6"]
[EventCountry "USA"]
[SourceTitle "EXT 2009"]
[Source "ChessBase"]
[SourceDate "2008.11.26"]
[SourceVersion "1"]
[SourceVersionDate "2008.11.26"]
[SourceQuality "1"]

1. e4 c5 2. Nf3 d6 3. Bb5+ Nc6 4. Bxc6+ bxc6 5. d4 cxd4 6. Nxd4 Bb7 7. Nc3 e6 8. f4 Be7 9. 0-0 Qb6 10. Kh1 Nf6 11. Nb3 0-0 12. Re1 c5 13. Nd2 Qc6 14. Re2 Ng4 15. Kg1 c4 16. Re1 Qc5+ 17. Kh1 Nf2+ 18. Kg1 Nxd1+ 19. Kh1 Nf2+ 20. Kg1 Nd3+ 21. Kh1 Nxe1 22. Ne2 Qf2 23. Nxc4 Qxg2# 0-1